000 00361nam a22001457a 4500
005 20200622130249.0
008 200620b xxu||||| |||| 00| 0 eng d
082 _a548.05412 JLJR
110 _aJLJR
_96256
245 _aJHARKHAND LAW JOURNAL REPORTS , 2019 [4]
260 _aPATNA
_bPLJR PUBLICATION
300 _a672;p
650 _aLAW
_95701
942 _cJRL
999 _c7363
_d7361